000 00636nam a2200229 a 4500
999 _c5046
_d5046
001 5046
003 BD-JhCC
005 20221115134023.0
008 850422s1981 enk | |||| ||eng||
020 _a0140057080
035 _a(BD-JhCC)5046
040 _aBD-JhCC
_dBD-JhCC
041 _aeng
082 _a813.54
_bDOY 1981
100 1 _aDoyle, Arthur Conan,
_d1859-1930.
245 1 4 _aThe return of Sherlock Holmes /
_cSir Arthur Conan Doyle.
260 _aHarmondsworth :
_bPenguin,
_c1981.
300 _a323p ;
_c19cm.
650 _aPrivate investigators
650 _aDetective and mystery stories, English
942 _2ddc
_cBK
_08